[Event "World School-ch U17 Girls 11th"]
[Site "Pattaya"]
[Date "2015.05.09"]
[Round "4"]
[White "Manasa, HR."]
[Black "Egorova, Ayyna"]
[Result "0-1"]
[WhiteElo "1706"]
[BlackElo "1912"]
[PlyCount "54"]
[EventDate "2015.05.07"]
[EventType "swiss"]
[EventRounds "9"]
[EventCountry "THA"]
[SourceTitle "CBM 166 Extra"]
[Source "ChessBase"]
[SourceDate "2015.06.18"]
[SourceVersion "1"]
[SourceVersionDate "2015.06.18"]
[SourceQuality "1"]

1. e4 Nf6 2. e5 Nd5 3. c4 Nb6 4. d4 d6 5. exd6 cxd6 6. Nc3 g6 7. Be3 Bg7 8. Rc1 0-0 9. Nf3 Bg4 10. b3 Nc6 11. Be2 d5 12. c5 Nc8 13. 0-0 e6 14. h3 Bxf3 15. Bxf3 N8e7 16. g4 e5 17. Ne2 e4 18. Bg2 Nb4 19. Qd2 Nd3 20. Rcd1 f5 21. Bg5 Qd7 22. Bxe7 Qxe7 23. Qe3 f4 24. Nxf4 Nxf4 25. b4 Nxg2 26. Kxg2 Rf3 27. Qe2 Qh4 0-1

[Event "Wch U14 Girls"]
[Site "Al Ain"]
[Date "2013.12.28"]
[Round "11"]
[White "Mirzaeva, Gulnara"]
[Black "Manasa, HR."]
[Result "1/2-1/2"]
[WhiteElo "1892"]
[BlackElo "1677"]
[PlyCount "108"]
[EventDate "2013.12.18"]
[EventType "swiss"]
[EventRounds "11"]
[EventCountry "UAE"]
[SourceTitle "CBM 158 Extra"]
[Source "ChessBase"]
[SourceDate "2014.02.28"]
[SourceVersion "1"]
[SourceVersionDate "2014.02.28"]
[SourceQuality "1"]

1. e4 e5 2. Nf3 Nc6 3. Bc4 Bc5 4. c3 Nf6 5. d3 d6 6. 0-0 0-0 7. Nbd2 h6 8. b4 Bb6 9. Bb3 Ne7 10. Nc4 Ng6 11. a4 c6 12. Nxb6 axb6 13. Re1 b5 14. Bb2 bxa4 15. Bxa4 Bd7 16. d4 Qe7 17. c4 Bg4 18. h3 Bh5 19. Qb3 Bxf3 20. Qxf3 Nf4 21. d5 Rac8 22. Bb3 Ra8 23. Rxa8 Rxa8 24. Rd1 Nh7 25. Qe3 Ng5 26. h4 Nh7 27. g3 Ng6 28. dxc6 bxc6 29. Qd3 Rb8 30. b5 cxb5 31. cxb5 Nf6 32. Ba3 Qb7 33. Bc4 Qxe4 34. Qxd6 Rc8 35. Bf1 Ng4 36. Qd3 Qxd3 37. Bxd3 Nf6 38. Bf5 Rb8 39. Rb1 Nd5 40. Bd7 Nc3 41. Rb2 Na4 42. Rb3 Nb6 43. Bc6 Nc4 44. Bc5 Na5 45. Rb4 Nxc6 46. bxc6 Rc8 47. Rb6 f6 48. Bd6 Kf7 49. h5 Ke6 50. Bb4 Ne7 51. Bxe7 Kxe7 52. Rb7+ Kf8 53. Rb6 Rc7 54. Rb8+ Ke7 1/2-1/2

[Event "Wch U14 Girls"]
[Site "Al Ain"]
[Date "2013.12.19"]
[Round "2"]
[White "Manasa, HR."]
[Black "Nass, Sara"]
[Result "1-0"]
[WhiteElo "1677"]
[BlackElo "1425"]
[PlyCount "67"]
[EventDate "2013.12.18"]
[EventType "swiss"]
[EventRounds "11"]
[EventCountry "UAE"]
[SourceTitle "CBM 158 Extra"]
[Source "ChessBase"]
[SourceDate "2014.02.28"]
[SourceVersion "1"]
[SourceVersionDate "2014.02.28"]
[SourceQuality "1"]

1. e4 c5 2. Nf3 Nc6 3. d4 cxd4 4. Nxd4 Nf6 5. Nc3 e5 6. Ndb5 d6 7. Bg5 a6 8. Na3 b5 9. Nd5 Be7 10. Nxe7 Qxe7 11. c4 b4 12. Nc2 Qe6 13. Bxf6 Qxf6 14. Nxb4 Nxb4 15. Qa4+ Bd7 16. Qxb4 0-0 17. Rd1 Qf4 18. f3 Rab8 19. Qd2 Qh6 20. g3 Qf6 21. Bg2 Rfd8 22. 0-0 Be6 23. b3 h5 24. f4 Qe7 25. f5 Bc8 26. Rf2 h4 27. Rdf1 hxg3 28. hxg3 Kf8 29. f6 Qe6 30. fxg7+ Kxg7 31. Qg5+ Qg6 32. Rxf7+ Kh8 33. Qxg6 Rd7 34. Qh7# 1-0

[Event "IND-chB (Women) 38th"]
[Site "Chennai"]
[Date "2011.07.02"]
[Round "1"]
[White "Manasa, HR."]
[Black "Swati, Mohota"]
[Result "1/2-1/2"]
[WhiteElo "1643"]
[BlackElo "2051"]
[PlyCount "93"]
[EventDate "2011.07.02"]
[EventType "swiss"]
[EventRounds "11"]
[EventCountry "IND"]
[SourceTitle "CBM 143 Extra"]
[Source "ChessBase"]
[SourceDate "2011.08.29"]
[SourceVersion "1"]
[SourceVersionDate "2011.08.29"]
[SourceQuality "1"]

1. e4 d5 2. exd5 Qxd5 3. Nc3 Qa5 4. d4 Nf6 5. Nf3 Bf5 6. Be2 e6 7. 0-0 Be7 8. Bf4 c6 9. a3 0-0 10. h3 Nd5 11. Nxd5 cxd5 12. Bd3 Bxd3 13. Qxd3 Nc6 14. Ne5 Rac8 15. c3 Qa4 16. Rfe1 Qb3 17. Rab1 Rfd8 18. Qe2 Nxe5 19. Bxe5 Bd6 20. f4 Rc6 21. Bxd6 Rcxd6 22. f5 Qa4 23. Qg4 Qc2 24. fxe6 Rxe6 25. Qd1 Qf5 26. Rf1 Qe4 27. Qf3 Qxf3 28. Rxf3 Re2 29. Rf2 Rde8 30. Rbf1 f6 31. Rxe2 Rxe2 32. Rf2 Re1+ 33. Rf1 Re2 34. Rf2 Re1+ 35. Rf1 Re6 36. Rf5 Rd6 37. g4 Kf7 38. Kg2 g6 39. Rf2 Ke6 40. Kg3 Rb6 41. h4 h5 42. gxh5 gxh5 43. Kf4 Kf7 44. Re2 Rc6 45. Kf5 b5 46. Rg2 a5 47. Rg6 1/2-1/2

[Event "IND-chB (Women)"]
[Site "Shilpgram"]
[Date "2010.08.24"]
[Round "7"]
[White "Manasa, HR."]
[Black "Nivedhitha, JG."]
[Result "1/2-1/2"]
[WhiteElo "1518"]
[BlackElo "1794"]
[PlyCount "135"]
[EventDate "2010.08.20"]
[EventType "swiss"]
[EventRounds "11"]
[EventCountry "IND"]
[SourceTitle "CBM 138 Extra"]
[Source "ChessBase"]
[SourceDate "2010.10.29"]
[SourceVersion "1"]
[SourceVersionDate "2010.10.29"]
[SourceQuality "1"]

1. e4 c5 2. Nf3 d6 3. d4 cxd4 4. Nxd4 Nf6 5. Nc3 g6 6. Be3 Bg7 7. Be2 0-0 8. 0-0 Nc6 9. Qd2 Ne5 10. Bh6 Bd7 11. Bxg7 Kxg7 12. Kh1 Nc6 13. Rad1 Qb6 14. Nb3 Rac8 15. f4 Ng4 16. Bxg4 Bxg4 17. Rde1 Be6 18. f5 Bxb3 19. cxb3 Qd4 20. Qxd4+ Nxd4 21. Rd1 Nc2 22. Rd2 Ne3 23. Rf3 Ng4 24. h3 Nf6 25. g4 h6 26. Re2 Rc5 27. Rfe3 Nd7 28. b4 Rc4 29. b3 Rd4 30. a3 a6 31. Nd5 e6 32. fxe6 fxe6 33. Nc7 Kf7 34. Rf2+ Ke7 35. Rxf8 Nxf8 36. b5 a5 37. Kg2 Nd7 38. Kf3 Nc5 39. Na8 Rd3 40. Rxd3 Nxd3 41. Nb6 Nc1 42. Nc4 Nxb3 43. Ke3 a4 44. Nb2 Nc5 45. Kd4 e5+ 46. Kd5 Nd7 47. Kc4 Nc5 48. Kd5 Kd7 49. Nc4 Nd3 50. Nxd6 Nf4+ 51. Kxe5 Nxh3 52. Nxb7 Kc7 53. Nd6 Nf2 54. Nf7 Nxg4+ 55. Kf4 h5 56. Nh8 Kb6 57. Nxg6 Kxb5 58. e5 Kc4 59. Kf5 Ne3+ 60. Ke4 Ng4 61. Kf5 Nxe5 62. Kxe5 Kb3 63. Kd4 Kxa3 64. Kc3 Ka2 65. Kc2 Ka3 66. Kc3 Ka2 67. Kc2 Ka3 68. Kc3 1/2-1/2

[Event "IND-chB (Women)"]
[Site "Shilpgram"]
[Date "2010.08.22"]
[Round "3"]
[White "Sahajasri, Cholleti"]
[Black "Manasa, HR."]
[Result "1-0"]
[WhiteElo "2044"]
[BlackElo "1518"]
[PlyCount "103"]
[EventDate "2010.08.20"]
[EventType "swiss"]
[EventRounds "11"]
[EventCountry "IND"]
[SourceTitle "CBM 138 Extra"]
[Source "ChessBase"]
[SourceDate "2010.10.29"]
[SourceVersion "1"]
[SourceVersionDate "2010.10.29"]
[SourceQuality "1"]

1. d4 d5 2. Nf3 Nf6 3. c4 e6 4. Nc3 c6 5. Qd3 Nbd7 6. g3 g6 7. Bg2 Bg7 8. 0-0 0-0 9. Rd1 b6 10. b3 Bb7 11. Ba3 Re8 12. Rac1 Rc8 13. Qb1 Bf8 14. Bxf8 Kxf8 15. h3 Qe7 16. Ne5 Nxe5 17. dxe5 Nd7 18. f4 Red8 19. cxd5 exd5 20. e4 dxe4 21. Nxe4 Rb8 22. Nd6 Nc5 23. b4 Na6 24. Nxb7 Rxd1+ 25. Rxd1 Rxb7 26. b5 Nb8 27. bxc6 Rc7 28. Rd6 Na6 29. Qd3 Nc5 30. Rd8+ Kg7 31. Qd6 Ne6 32. Rb8 Nc5 33. g4 a5 34. Rxb6 Qxd6 35. exd6 Rc8 36. d7 Nxd7 37. cxd7 Rd8 38. Bc6 Kf8 39. Ra6 a4 40. Rxa4 Ke7 41. Re4+ Kd6 42. Re8 Kc7 43. a4 f6 44. a5 h5 45. a6 hxg4 46. a7 gxh3 47. Rxd8 h2+ 48. Kxh2 Kxd8 49. a8Q+ Ke7 50. d8Q+ Ke6 51. Qd5+ Ke7 52. Qad8# 1-0